00808nam a22002057a 4500999001900000005001700019010001300036020001000049035001300059037001400072082001000086100003300096245010800129246008900237260004500326270004900371300002000420942002900440952013300469 c172009d17200920200124150338.0 aA-678249 c13.00 aA-678249 bBPPD/Pub. a745.6 aامیر حسن نورانی aمونشی نول کشور اور ان کے خطاط و خوش نویس /cامیر حسن نورانی aMunshi Naval Kishore Aur Unkey Khattat Va Khush Naves (Urdu) /bby Amir Hasan Norani aNew DelhibTaraqqi Urdu Bureau c1994 ء aWest Block 8, R. K. PurambNew Delhie110066 a111p.c22cm(Hb) 2ddccURh745.6mا م ی 001040708NFICaLbLd2020-01-24eBPPD/Ven.g13.00l0o745.6 ا م یpA-678249r2020-01-24 00:00:00t1v13.00w2020-01-24yUR